| 000 | 00712nam a2200217 i 4500 | ||
|---|---|---|---|
| 001 | 79914 | ||
| 003 | ES-MaACL | ||
| 005 | 20250824225559.0 | ||
| 007 | t| | ||
| 008 | 041025s1954 sp ||||1| spa d | ||
| 100 | 1 |
_aHess, Ilse. _963459 |
|
| 245 | 1 | 0 |
_aPor qué huí de Alemania / _cIlse Hess ; [traducción directa del alemán por Víctor Scholz]. |
| 250 | _a[1ª ed.]. | ||
| 260 |
_aBarcelona : _bA.H.R., _c[1954] ( _fLa Académica) |
||
| 300 |
_a241 p., 10 lám. : _bretr. aut. ; _c19 cm. |
||
| 490 | 1 | _aLibros que hacen historia | |
| 700 | 1 |
_aScholz, Víctor. _9104643 |
|
| 830 | 0 | 0 |
_aLibros que hacen historia (AHR) _9182055 |
| 852 |
_aES-MaACL _jC-6921 _bR.35861 |
||
| 999 |
_c79914 _d79914 |
||